[Event "World Chess Olympiad 2018"]
[Site "Batumi"]
[Date "2018.09.28"]
[Round "5"]
[Board "4"]
[WhiteFideId "3509362"]
[White "Quesada Perez Yasser"]
[BlackFideId "1304232"]
[Black "Jenni Florian"]
[Result "1/2-1/2"]
[LiveChessVersion "1.4.8"]
[BlackElo "2456"]
[WhiteElo "2523"]

1. e4 {[%clk 1:30:56]} e5 {[%clk 1:30:49]} 2. Nf3 {[%clk 1:31:19]} Nc6
{[%clk 1:31:11]} 3. Bb5 {[%clk 1:31:44]} a6 {[%clk 1:31:28]} 4. Ba4
{[%clk 1:32:11]} Nf6 {[%clk 1:31:48]} 5. O-O {[%clk 1:32:35]} Be7
{[%clk 1:32:02]} 6. Re1 {[%clk 1:32:58]} b5 {[%clk 1:32:10]} 7. Bb3
{[%clk 1:33:23]} d6 {[%clk 1:31:52]} 8. c3 {[%clk 1:33:48]} O-O {[%clk 1:31:55]}
9. d4 {[%clk 1:34:13]} Bg4 {[%clk 1:31:50]} 10. d5 {[%clk 1:34:36]} Na5
{[%clk 1:31:22]} 11. Bc2 {[%clk 1:35:01]} c6 {[%clk 1:30:42]} 12. h3
{[%clk 1:35:26]} Bc8 {[%clk 1:30:04]} 13. dxc6 {[%clk 1:35:50]} Qc7
{[%clk 1:28:19]} 14. Nbd2 {[%clk 1:36:08]} Qxc6 {[%clk 1:28:00]} 15. Nf1
{[%clk 1:36:29]} Be6 {[%clk 1:22:42]} 16. Ng5 {[%clk 1:36:50]} Bd7
{[%clk 1:19:05]} 17. Ng3 {[%clk 1:33:15]} Rfe8 {[%clk 1:04:47]} 18. a4
{[%clk 1:27:24]} Qc7 {[%clk 0:53:20]} 19. Qe2 {[%clk 1:14:46]} Rab8
{[%clk 0:40:17]} 20. axb5 {[%clk 1:12:34]} axb5 {[%clk 0:39:45]} 21. Rd1
{[%clk 0:38:14]} b4 {[%clk 0:24:18]} 22. Bd2 {[%clk 0:28:59]} h6 {[%clk 0:19:29]}
23. Nf3 {[%clk 0:29:05]} Nc4 {[%clk 0:18:22]} 24. cxb4 {[%clk 0:28:30]} Nxd2
{[%clk 0:18:37]} 25. Qxd2 {[%clk 0:28:07]} d5 {[%clk 0:19:01]} 26. Qc3
{[%clk 0:24:22]} Bd6 {[%clk 0:09:13]} 27. Qxc7 {[%clk 0:22:00]} Bxc7
{[%clk 0:09:40]} 28. exd5 {[%clk 0:22:25]} Rxb4 {[%clk 0:08:33]} 29. Bf5
{[%clk 0:18:54]} Bb6 {[%clk 0:06:57]} 30. Bxd7 {[%clk 0:13:19]} Nxd7
{[%clk 0:07:25]} 31. Nf5 {[%clk 0:11:09]} e4 {[%clk 0:02:59]} 32. N3d4
{[%clk 0:09:02]} Rxb2 {[%clk 0:01:35]} 33. Nd6 {[%clk 0:07:21]} Rd8
{[%clk 0:01:00]} 34. Nc4 {[%clk 0:06:54]} Bxd4 {[%clk 0:01:09]} 35. Rxd4
{[%clk 0:07:09]} Rb4 {[%clk 0:01:22]} 36. Rad1 {[%clk 0:06:56]} f5
{[%clk 0:00:46]} 37. Ne3 {[%clk 0:03:31]} Rxd4 {[%clk 0:01:09]} 38. Rxd4
{[%clk 0:03:58]} f4 {[%clk 0:00:44]} 39. Nd1 {[%clk 0:03:43]} Nf6
{[%clk 0:00:56]} 40. Nc3 {[%clk 0:34:08]} g5 {[%clk 0:30:36]} 41. Kf1
{[%clk 0:31:00]} Kf7 {[%clk 0:28:37]} 42. Ke2 {[%clk 0:29:05]} Kg6
{[%clk 0:28:15]} 43. g4 {[%clk 0:27:48]} h5 {[%clk 0:25:05]} 44. d6
{[%clk 0:25:47]} hxg4 {[%clk 0:24:50]} 45. hxg4 {[%clk 0:26:12]} Kf7
{[%clk 0:15:39]} 46. Nxe4 {[%clk 0:18:49]} Nxe4 {[%clk 0:16:00]} 47. Rxe4
{[%clk 0:19:15]} Rxd6 {[%clk 0:16:24]} 48. Re5 {[%clk 0:19:38]} Kf6
{[%clk 0:16:41]} 1/2-1/2

[Event "World Chess Olympiad 2018"]
[Site "Batumi"]
[Date "2018.09.28"]
[Round "5"]
[Board "1"]
[WhiteFideId "1407767"]
[White "Glud Jakob Vang"]
[BlackFideId "703303"]
[Black "Leko Peter"]
[Result "1/2-1/2"]
[LiveChessVersion "1.4.8"]
[BlackElo "2690"]
[WhiteElo "2514"]

1. c4 {[%clk 1:30:54]} c5 {[%clk 1:30:52]} 2. Nf3 {[%clk 1:31:06]} Nc6
{[%clk 1:29:16]} 3. Nc3 {[%clk 1:30:37]} g6 {[%clk 1:29:37]} 4. g3
{[%clk 1:30:55]} Bg7 {[%clk 1:29:57]} 5. Bg2 {[%clk 1:31:21]} d6 {[%clk 1:29:42]}
6. O-O {[%clk 1:30:11]} Bf5 {[%clk 1:29:14]} 7. b3 {[%clk 1:30:33]} e5
{[%clk 1:29:06]} 8. Bb2 {[%clk 1:22:48]} Nge7 {[%clk 1:29:18]} 9. d3
{[%clk 1:21:16]} O-O {[%clk 1:27:37]} 10. Ne1 {[%clk 1:18:26]} Qd7
{[%clk 1:24:42]} 11. Nc2 {[%clk 1:18:24]} Bh3 {[%clk 1:24:33]} 12. Ne3
{[%clk 1:11:40]} Bxg2 {[%clk 1:22:02]} 13. Kxg2 {[%clk 1:12:05]} f5
{[%clk 1:21:34]} 14. Ned5 {[%clk 1:11:02]} Nxd5 {[%clk 1:05:31]} 15. Nxd5
{[%clk 1:10:39]} Ne7 {[%clk 1:05:27]} 16. Nxe7+ {[%clk 1:06:25]} Qxe7
{[%clk 1:04:01]} 17. e3 {[%clk 0:56:18]} Rf7 {[%clk 0:36:11]} 18. Rb1
{[%clk 0:54:11]} f4 {[%clk 0:30:26]} 19. Qg4 {[%clk 0:48:58]} Raf8
{[%clk 0:30:11]} 20. exf4 {[%clk 0:47:08]} exf4 {[%clk 0:30:32]} 21. Rbe1
{[%clk 0:45:10]} Qd8 {[%clk 0:30:05]} 22. Bxg7 {[%clk 0:42:33]} Kxg7
{[%clk 0:30:29]} 23. Qe6 {[%clk 0:41:20]} b6 {[%clk 0:17:53]} 24. Re4
{[%clk 0:37:47]} fxg3 {[%clk 0:15:08]} 25. hxg3 {[%clk 0:38:06]} Rf6
{[%clk 0:15:19]} 26. Qg4 {[%clk 0:35:05]} d5 {[%clk 0:15:24]} 27. Re5
{[%clk 0:35:16]} Rf5 {[%clk 0:13:31]} 28. Rxf5 {[%clk 0:30:04]} Rxf5
{[%clk 0:13:52]} 29. Re1 {[%clk 0:30:14]} Qf6 {[%clk 0:09:21]} 30. Qe2
{[%clk 0:30:36]} dxc4 {[%clk 0:09:16]} 31. dxc4 {[%clk 0:30:22]} 1/2-1/2

[Event "World Chess Olympiad 2018"]
[Site "Batumi"]
[Date "2018.09.28"]
[Round "5"]
[Board "2"]
[WhiteFideId "719978"]
[White "Erdos Viktor"]
[BlackFideId "1403613"]
[Black "Bekker-Jensen Simon"]
[Result "1/2-1/2"]
[LiveChessVersion "1.4.8"]
[BlackElo "2482"]
[WhiteElo "2609"]

1. Nf3 {[%clk 1:30:52]} Nf6 {[%clk 1:30:50]} 2. c4 {[%clk 1:31:08]} g6
{[%clk 1:31:08]} 3. g3 {[%clk 1:31:10]} Bg7 {[%clk 1:31:27]} 4. Bg2
{[%clk 1:31:35]} O-O {[%clk 1:31:46]} 5. O-O {[%clk 1:31:48]} d6 {[%clk 1:32:08]}
6. d4 {[%clk 1:32:13]} Nc6 {[%clk 1:31:59]} 7. Nc3 {[%clk 1:32:32]} e5
{[%clk 1:31:41]} 8. dxe5 {[%clk 1:28:00]} dxe5 {[%clk 1:31:28]} 9. Bg5
{[%clk 1:28:17]} Be6 {[%clk 1:29:17]} 10. Qc1 {[%clk 1:16:25]} Qc8
{[%clk 1:23:33]} 11. Rd1 {[%clk 1:13:35]} Nd7 {[%clk 1:15:43]} 12. Bh6
{[%clk 1:02:54]} Bxc4 {[%clk 1:10:02]} 13. Bxg7 {[%clk 1:02:01]} Kxg7
{[%clk 1:09:55]} 14. Bh3 {[%clk 0:38:57]} f5 {[%clk 1:04:57]} 15. e4
{[%clk 0:39:15]} Be6 {[%clk 1:04:17]} 16. Ng5 {[%clk 0:38:50]} Nb6
{[%clk 0:55:56]} 17. Nd5 {[%clk 0:38:29]} Bg8 {[%clk 0:45:39]} 18. Qc5
{[%clk 0:28:25]} Nd7 {[%clk 0:39:33]} 19. Qc3 {[%clk 0:26:25]} h6
{[%clk 0:32:13]} 20. Nf3 {[%clk 0:25:10]} Be6 {[%clk 0:31:44]} 21. Nf4
{[%clk 0:19:52]} Qe8 {[%clk 0:29:25]} 22. Nh4 {[%clk 0:19:08]} Rf6
{[%clk 0:27:36]} 23. Nxe6+ {[%clk 0:09:04]} Qxe6 {[%clk 0:26:43]} 24. exf5
{[%clk 0:07:48]} gxf5 {[%clk 0:26:45]} 25. Qd3 {[%clk 0:08:08]} Nd4
{[%clk 0:24:21]} 26. Nxf5+ {[%clk 0:08:12]} Nxf5 {[%clk 0:24:19]} 27. Qxd7+
{[%clk 0:08:29]} Qf7 {[%clk 0:23:50]} 28. Qxf7+ {[%clk 0:04:33]} Rxf7
{[%clk 0:24:05]} 29. Bxf5 {[%clk 0:04:47]} Rxf5 {[%clk 0:24:29]} 30. Rd7+
{[%clk 0:05:14]} Rf7 {[%clk 0:24:50]} 31. Rad1 {[%clk 0:05:39]} Raf8
{[%clk 0:21:32]} 32. f3 {[%clk 0:06:02]} Kg6 {[%clk 0:19:46]} 33. Rxf7
{[%clk 0:06:21]} Rxf7 {[%clk 0:20:07]} 34. Kf2 {[%clk 0:06:40]} Rf6
{[%clk 0:19:11]} 35. Rd5 {[%clk 0:05:24]} Rb6 {[%clk 0:13:22]} 36. b3
{[%clk 0:05:50]} Kf6 {[%clk 0:13:10]} 37. Ra5 {[%clk 0:05:52]} a6
{[%clk 0:12:59]} 38. Rc5 {[%clk 0:06:19]} c6 {[%clk 0:13:02]} 39. Ke3
{[%clk 0:05:45]} Rb4 {[%clk 0:12:30]} 40. h4 {[%clk 0:36:06]} Ke6
{[%clk 0:36:19]} 41. Rc1 {[%clk 0:18:15]} Rd4 {[%clk 0:33:01]} 42. Rf1
{[%clk 0:15:41]} c5 {[%clk 0:32:36]} 43. f4 {[%clk 0:13:01]} exf4+
{[%clk 0:29:51]} 44. Rxf4 {[%clk 0:13:18]} Rd1 {[%clk 0:27:24]} 45. g4
{[%clk 0:12:01]} Rh1 {[%clk 0:19:45]} 46. g5 {[%clk 0:10:32]} hxg5
{[%clk 0:18:59]} 47. hxg5 {[%clk 0:10:59]} Rg1 {[%clk 0:19:04]} 48. Rf6+
{[%clk 0:10:30]} 1/2-1/2

[Event "World Chess Olympiad 2018"]
[Site "Batumi"]
[Date "2018.09.28"]
[Round "5"]
[Board "3"]
[WhiteFideId "1416928"]
[White "Ochsner Bjorn Moller"]
[BlackFideId "702293"]
[Black "Almasi Zoltan"]
[Result "0-1"]
[LiveChessVersion "1.4.8"]
[BlackElo "2702"]
[WhiteElo "2462"]

1. e4 {[%clk 1:30:57]} g6 {[%clk 1:30:47]} 2. d4 {[%clk 1:31:04]} Bg7
{[%clk 1:31:11]} 3. Nc3 {[%clk 1:31:24]} c6 {[%clk 1:31:17]} 4. f4
{[%clk 1:26:21]} Qb6 {[%clk 1:31:14]} 5. Nf3 {[%clk 1:22:18]} d5 {[%clk 1:30:54]}
6. e5 {[%clk 1:16:39]} Bg4 {[%clk 1:31:15]} 7. Be2 {[%clk 1:15:32]} Nh6
{[%clk 1:30:51]} 8. Na4 {[%clk 1:12:00]} Qc7 {[%clk 1:30:02]} 9. h3
{[%clk 0:59:20]} Bxf3 {[%clk 1:20:12]} 10. Bxf3 {[%clk 0:59:48]} Nf5
{[%clk 1:19:32]} 11. g4 {[%clk 0:55:37]} Nh4 {[%clk 1:18:22]} 12. Be2
{[%clk 0:52:41]} e6 {[%clk 0:52:32]} 13. Qd3 {[%clk 0:48:18]} Qa5+
{[%clk 0:38:06]} 14. Nc3 {[%clk 0:48:32]} Ng2+ {[%clk 0:37:45]} 15. Kd1
{[%clk 0:42:37]} Nh4 {[%clk 0:37:13]} 16. Qg3 {[%clk 0:33:10]} Qd8
{[%clk 0:35:20]} 17. Be3 {[%clk 0:31:02]} Bf8 {[%clk 0:35:20]} 18. Bd3
{[%clk 0:29:31]} Nd7 {[%clk 0:34:13]} 19. Ke2 {[%clk 0:28:32]} Be7
{[%clk 0:33:26]} 20. Raf1 {[%clk 0:25:04]} Qb6 {[%clk 0:28:42]} 21. f5
{[%clk 0:21:03]} gxf5 {[%clk 0:27:30]} 22. gxf5 {[%clk 0:20:53]} exf5
{[%clk 0:27:42]} 23. Qg7 {[%clk 0:19:33]} Rf8 {[%clk 0:25:43]} 24. Kd2
{[%clk 0:14:13]} Qxb2 {[%clk 0:20:21]} 25. Rb1 {[%clk 0:13:39]} Nf3+
{[%clk 0:17:55]} 26. Ke2 {[%clk 0:14:03]} Qxc3 {[%clk 0:18:21]} 27. Kxf3
{[%clk 0:14:25]} O-O-O {[%clk 0:18:22]} 28. Rb3 {[%clk 0:13:06]} Qa5
{[%clk 0:18:48]} 29. e6 {[%clk 0:09:51]} Nb6 {[%clk 0:11:14]} 30. Bf4
{[%clk 0:06:54]} Nc4 {[%clk 0:10:20]} 31. Bxf5 {[%clk 0:05:30]} b5
{[%clk 0:06:48]} 32. exf7+ {[%clk 0:04:58]} Kb7 {[%clk 0:07:17]} 33. Kg4
{[%clk 0:03:07]} Nd6 {[%clk 0:05:17]} 34. Re3 {[%clk 0:02:38]} h5+
{[%clk 0:05:33]} 35. Kxh5 {[%clk 0:01:27]} Nxf5 {[%clk 0:05:57]} 36. Rxe7+
{[%clk 0:01:26]} Nxe7 {[%clk 0:06:12]} 37. Bd6 {[%clk 0:00:47]} Nf5
{[%clk 0:02:42]} 38. Qxf8 {[%clk 0:01:12]} Rxf8 {[%clk 0:03:06]} 39. Bxf8
{[%clk 0:01:41]} Qc7 {[%clk 0:02:47]} 40. Kg6 {[%clk 0:31:51]} Nh4+
{[%clk 0:33:09]} 41. Kg7 {[%clk 0:31:31]} Qg3+ {[%clk 0:33:16]} 42. Kh8
{[%clk 0:31:37]} Ng6+ {[%clk 0:32:04]} 43. Kg8 {[%clk 0:31:59]} Ne7+
{[%clk 0:30:49]} 44. Kh8 {[%clk 0:32:15]} Qh4+ {[%clk 0:31:14]} 0-1

[Event "World Chess Olympiad 2018"]
[Site "Batumi"]
[Date "2018.09.28"]
[Round "5"]
[Board "4"]
[WhiteFideId "718572"]
[White "Berkes Ferenc"]
[BlackFideId "1407970"]
[Black "Mikkelsen Nikolaj"]
[Result "1-0"]
[LiveChessVersion "1.4.8"]
[BlackElo "2467"]
[WhiteElo "2678"]

1. d4 {[%clk 1:30:56]} Nf6 {[%clk 1:30:50]} 2. Nf3 {[%clk 1:31:21]} g6
{[%clk 1:30:39]} 3. g3 {[%clk 1:31:40]} Bg7 {[%clk 1:27:20]} 4. Bg2
{[%clk 1:32:03]} c5 {[%clk 1:27:40]} 5. dxc5 {[%clk 1:25:49]} Qa5+
{[%clk 1:27:48]} 6. Nfd2 {[%clk 1:26:07]} Qxc5 {[%clk 1:26:52]} 7. Nb3
{[%clk 1:26:30]} Qc7 {[%clk 1:25:05]} 8. O-O {[%clk 1:26:12]} O-O
{[%clk 1:24:05]} 9. Nc3 {[%clk 1:26:32]} d6 {[%clk 1:17:57]} 10. a4
{[%clk 1:22:44]} a6 {[%clk 1:11:19]} 11. a5 {[%clk 1:13:37]} Bf5 {[%clk 1:03:01]}
12. Bg5 {[%clk 1:04:51]} Qc8 {[%clk 0:53:51]} 13. Bxf6 {[%clk 0:42:04]} Bxf6
{[%clk 0:54:14]} 14. Nd5 {[%clk 0:42:29]} Nd7 {[%clk 0:52:09]} 15. Nd4
{[%clk 0:41:53]} Be6 {[%clk 0:51:28]} 16. Nxe6 {[%clk 0:40:35]} fxe6
{[%clk 0:51:51]} 17. Nf4 {[%clk 0:40:52]} Nc5 {[%clk 0:45:11]} 18. b4
{[%clk 0:39:10]} Bxa1 {[%clk 0:32:07]} 19. bxc5 {[%clk 0:29:47]} Be5
{[%clk 0:28:34]} 20. Nxe6 {[%clk 0:30:09]} Rf6 {[%clk 0:28:32]} 21. cxd6
{[%clk 0:26:19]} exd6 {[%clk 0:25:53]} 22. Ng5 {[%clk 0:26:41]} Qc7
{[%clk 0:21:01]} 23. c4 {[%clk 0:22:28]} Kh8 {[%clk 0:19:19]} 24. f4
{[%clk 0:20:29]} Bc3 {[%clk 0:14:43]} 25. Ne4 {[%clk 0:20:06]} Qxc4
{[%clk 0:14:17]} 26. Nxf6 {[%clk 0:19:26]} Qc5+ {[%clk 0:14:27]} 27. Kh1
{[%clk 0:19:29]} Bxf6 {[%clk 0:14:52]} 28. Qa4 {[%clk 0:14:02]} d5
{[%clk 0:09:37]} 29. Bf3 {[%clk 0:13:22]} Rd8 {[%clk 0:09:12]} 30. Rb1
{[%clk 0:11:58]} Qc7 {[%clk 0:05:13]} 31. Kg2 {[%clk 0:11:53]} Bc3
{[%clk 0:05:04]} 32. Rb6 {[%clk 0:11:46]} Rd6 {[%clk 0:05:03]} 33. Qa3
{[%clk 0:10:49]} Rd8 {[%clk 0:04:36]} 34. h4 {[%clk 0:08:27]} Bd4
{[%clk 0:04:11]} 35. Rb1 {[%clk 0:08:49]} Bf6 {[%clk 0:02:37]} 36. Bxd5
{[%clk 0:04:14]} Qc2 {[%clk 0:02:56]} 37. Qa2 {[%clk 0:04:26]} Qf5
{[%clk 0:01:22]} 38. e4 {[%clk 0:03:39]} Qg4 {[%clk 0:01:09]} 39. Rxb7
{[%clk 0:02:21]} Rf8 {[%clk 0:01:20]} 40. Be6 {[%clk 0:31:19]} Qh5
{[%clk 0:31:12]} 41. Qd2 {[%clk 0:27:40]} Rd8 {[%clk 0:24:55]} 42. Rd7
{[%clk 0:27:38]} Re8 {[%clk 0:25:13]} 43. Rd6 {[%clk 0:25:32]} Kg7
{[%clk 0:24:29]} 44. e5 {[%clk 0:23:38]} Be7 {[%clk 0:23:56]} 45. Rd7
{[%clk 0:23:19]} h6 {[%clk 0:22:20]} 46. Qd3 {[%clk 0:21:54]} Kh7
{[%clk 0:19:42]} 47. Kh3 {[%clk 0:21:58]} 1-0

[Event "World Chess Olympiad 2018"]
[Site "Batumi"]
[Date "2018.09.28"]
[Round "5"]
[Board "1"]
[WhiteFideId "2101246"]
[White "Leitao Rafael"]
[BlackFideId "13601520"]
[Black "Jobava Baadur"]
[Result "1/2-1/2"]
[LiveChessVersion "1.4.8"]
[BlackElo "2634"]
[WhiteElo "2620"]

1. d4 {[%clk 1:30:56]} d5 {[%clk 1:30:56]} 2. c4 {[%clk 1:31:11]} e6
{[%clk 1:31:21]} 3. Nf3 {[%clk 1:30:55]} c6 {[%clk 1:31:32]} 4. e3
{[%clk 1:29:00]} f5 {[%clk 1:31:45]} 5. Bd3 {[%clk 1:28:50]} Nf6 {[%clk 1:32:07]}
6. O-O {[%clk 1:28:40]} Bd6 {[%clk 1:32:25]} 7. b3 {[%clk 1:28:18]} Qe7
{[%clk 1:32:49]} 8. Bb2 {[%clk 1:28:01]} O-O {[%clk 1:32:45]} 9. Qc1
{[%clk 1:23:45]} Na6 {[%clk 1:26:31]} 10. Ne5 {[%clk 1:13:00]} Bd7
{[%clk 1:23:33]} 11. a3 {[%clk 1:10:41]} c5 {[%clk 0:59:53]} 12. Nxd7
{[%clk 0:53:18]} Nxd7 {[%clk 0:59:39]} 13. Nc3 {[%clk 0:52:47]} Nc7
{[%clk 0:58:57]} 14. Qc2 {[%clk 0:42:25]} dxc4 {[%clk 0:41:15]} 15. Bxc4
{[%clk 0:36:37]} cxd4 {[%clk 0:41:25]} 16. exd4 {[%clk 0:37:02]} Nb6
{[%clk 0:39:16]} 17. Qe2 {[%clk 0:35:15]} Qd7 {[%clk 0:33:30]} 18. Rfe1
{[%clk 0:27:29]} Rfe8 {[%clk 0:28:56]} 19. Rac1 {[%clk 0:16:50]} Nxc4
{[%clk 0:18:07]} 20. bxc4 {[%clk 0:16:17]} e5 {[%clk 0:18:32]} 21. c5
{[%clk 0:04:56]} exd4 {[%clk 0:18:46]} 22. Qc4+ {[%clk 0:05:21]} Qf7
{[%clk 0:19:10]} 23. Rxe8+ {[%clk 0:04:07]} Rxe8 {[%clk 0:18:53]} 24. Qxf7+
{[%clk 0:04:24]} Kxf7 {[%clk 0:19:19]} 25. cxd6 {[%clk 0:04:49]} dxc3
{[%clk 0:19:44]} 26. Bxc3 {[%clk 0:05:12]} Nd5 {[%clk 0:15:01]} 27. Bd4
{[%clk 0:05:28]} b6 {[%clk 0:15:05]} 28. f4 {[%clk 0:05:36]} g6 {[%clk 0:03:35]}
29. Be5 {[%clk 0:05:58]} Ke6 {[%clk 0:03:48]} 30. Kf2 {[%clk 0:06:17]} a5
{[%clk 0:03:14]} 31. Ke2 {[%clk 0:04:22]} Nf6 {[%clk 0:00:43]} 32. Bxf6
{[%clk 0:03:29]} Kxf6+ {[%clk 0:01:06]} 33. Kd3 {[%clk 0:03:54]} Re4
{[%clk 0:00:44]} 34. Rc4 {[%clk 0:00:41]} Ke6 {[%clk 0:00:45]} 35. Rxe4+
{[%clk 0:00:59]} fxe4+ {[%clk 0:01:12]} 36. Kxe4 {[%clk 0:01:23]} Kxd6
{[%clk 0:00:53]} 37. Kd4 {[%clk 0:01:13]} b5 {[%clk 0:01:02]} 38. g4
{[%clk 0:01:27]} h5 {[%clk 0:01:07]} 39. h3 {[%clk 0:01:32]} h4 {[%clk 0:01:26]}
40. f5 {[%clk 0:30:43]} gxf5 {[%clk 0:31:21]} 41. gxf5 {[%clk 0:31:07]} b4
{[%clk 0:23:54]} 1/2-1/2

[Event "World Chess Olympiad 2018"]
[Site "Batumi"]
[Date "2018.09.28"]
[Round "5"]
[Board "2"]
[WhiteFideId "13600966"]
[White "Mchedlishvili Mikheil"]
[BlackFideId "2107139"]
[Black "Fier Alexandr"]
[Result "1-0"]
[LiveChessVersion "1.4.8"]
[BlackElo "2558"]
[WhiteElo "2607"]

1. d4 {[%clk 1:30:52]} Nf6 {[%clk 1:30:55]} 2. c4 {[%clk 1:30:32]} e6
{[%clk 1:31:01]} 3. g3 {[%clk 1:29:53]} c5 {[%clk 1:29:52]} 4. Nf3
{[%clk 1:29:50]} cxd4 {[%clk 1:29:56]} 5. Nxd4 {[%clk 1:29:56]} a6
{[%clk 1:30:21]} 6. Bg2 {[%clk 1:28:23]} Qc7 {[%clk 1:30:46]} 7. Nd2
{[%clk 1:27:54]} Nc6 {[%clk 1:28:02]} 8. N2b3 {[%clk 1:22:13]} Bb4+
{[%clk 1:23:47]} 9. Bd2 {[%clk 1:20:43]} Be7 {[%clk 1:24:12]} 10. Rc1
{[%clk 1:17:54]} Nxd4 {[%clk 1:19:28]} 11. Nxd4 {[%clk 1:18:15]} d6
{[%clk 1:19:54]} 12. b4 {[%clk 1:06:09]} O-O {[%clk 1:19:53]} 13. O-O
{[%clk 1:06:26]} Bd7 {[%clk 1:18:58]} 14. a4 {[%clk 0:55:55]} Rac8
{[%clk 1:14:23]} 15. a5 {[%clk 0:53:26]} Qb8 {[%clk 1:14:12]} 16. Qb3
{[%clk 0:51:23]} Rfd8 {[%clk 1:06:32]} 17. b5 {[%clk 0:47:27]} axb5
{[%clk 0:59:44]} 18. cxb5 {[%clk 0:43:10]} e5 {[%clk 0:58:34]} 19. Nf3
{[%clk 0:42:23]} Be6 {[%clk 0:50:17]} 20. Qb4 {[%clk 0:39:56]} Nd5
{[%clk 0:47:07]} 21. Qb2 {[%clk 0:38:32]} h6 {[%clk 0:47:00]} 22. Rxc8
{[%clk 0:36:49]} Rxc8 {[%clk 0:44:05]} 23. Rc1 {[%clk 0:36:54]} Rxc1+
{[%clk 0:44:02]} 24. Qxc1 {[%clk 0:35:07]} Nc7 {[%clk 0:44:07]} 25. b6
{[%clk 0:28:09]} Na6 {[%clk 0:44:00]} 26. Ne1 {[%clk 0:22:49]} d5
{[%clk 0:42:40]} 27. e3 {[%clk 0:20:55]} f6 {[%clk 0:39:58]} 28. Bf1
{[%clk 0:18:56]} Kf7 {[%clk 0:39:44]} 29. Nd3 {[%clk 0:15:33]} Bd6
{[%clk 0:35:58]} 30. Qb2 {[%clk 0:14:40]} Qf8 {[%clk 0:34:33]} 31. f4
{[%clk 0:11:45]} e4 {[%clk 0:29:01]} 32. Ne1 {[%clk 0:10:18]} g5 {[%clk 0:28:46]}
33. Nc2 {[%clk 0:08:18]} gxf4 {[%clk 0:29:12]} 34. exf4 {[%clk 0:07:50]} Nb8
{[%clk 0:27:19]} 35. Nd4 {[%clk 0:06:22]} Bc5 {[%clk 0:27:13]} 36. Kg2
{[%clk 0:04:44]} Qc8 {[%clk 0:27:05]} 37. Nxe6 {[%clk 0:01:56]} Qxe6
{[%clk 0:27:32]} 38. Be2 {[%clk 0:02:16]} Nc6 {[%clk 0:21:46]} 39. a6
{[%clk 0:02:19]} bxa6 {[%clk 0:21:54]} 40. b7 {[%clk 0:31:50]} Qd6
{[%clk 0:50:54]} 41. Bxa6 {[%clk 0:29:53]} Ke7 {[%clk 0:43:24]} 42. Bb5
{[%clk 0:28:37]} Nb8 {[%clk 0:42:59]} 43. Be2 {[%clk 0:24:03]} d4
{[%clk 0:41:47]} 44. Qb3 {[%clk 0:23:31]} d3 {[%clk 0:40:27]} 45. Bh5
{[%clk 0:23:22]} Qe6 {[%clk 0:40:44]} 46. Qb5 {[%clk 0:22:19]} Kd6
{[%clk 0:36:15]} 47. Bb4 {[%clk 0:17:16]} Bxb4 {[%clk 0:34:42]} 48. Qxb4+
{[%clk 0:17:30]} Kc7 {[%clk 0:31:51]} 49. Bg6 {[%clk 0:17:47]} f5
{[%clk 0:26:30]} 50. Qa5+ {[%clk 0:15:37]} Kxb7 51. Qxf5 {[%clk 0:12:34]} Qa2+
{[%clk 0:21:12]} 52. Kh3 {[%clk 0:11:52]} d2 {[%clk 0:21:38]} 53. Qxe4+
{[%clk 0:12:18]} Nc6 {[%clk 0:21:59]} 54. Bh5 {[%clk 0:12:18]} Kc7
{[%clk 0:19:22]} 55. Bf3 {[%clk 0:12:23]} Qa6 {[%clk 0:17:55]} 56. Kg2
{[%clk 0:12:21]} Qb5 {[%clk 0:17:49]} 57. Qc2 {[%clk 0:11:52]} Kd6
{[%clk 0:17:41]} 58. Qxd2+ {[%clk 0:12:11]} Ke7 {[%clk 0:18:09]} 59. Qe2+
{[%clk 0:08:14]} Qxe2+ {[%clk 0:18:35]} 60. Bxe2 {[%clk 0:08:41]} Kf6
{[%clk 0:19:01]} 61. g4 {[%clk 0:08:28]} Ne7 {[%clk 0:19:09]} 62. Bd3
{[%clk 0:08:46]} Nc6 {[%clk 0:19:16]} 63. h4 {[%clk 0:09:01]} Nd4
{[%clk 0:19:35]} 64. g5+ {[%clk 0:09:06]} Kg7 {[%clk 0:20:01]} 65. f5
{[%clk 0:08:46]} hxg5 {[%clk 0:20:28]} 66. hxg5 {[%clk 0:09:11]} Nc6
{[%clk 0:20:56]} 67. Kg3 {[%clk 0:09:09]} Ne5 {[%clk 0:21:20]} 68. Be4
{[%clk 0:09:27]} Nd7 {[%clk 0:21:47]} 69. Kf4 {[%clk 0:09:51]} Kf7
{[%clk 0:22:14]} 70. Bc6 {[%clk 0:09:53]} Nf8 {[%clk 0:22:41]} 71. Ke5
{[%clk 0:09:37]} Kg7 {[%clk 0:23:08]} 72. Be8 {[%clk 0:09:35]} Nh7
{[%clk 0:23:28]} 73. f6+ {[%clk 0:09:34]} Kf8 {[%clk 0:23:55]} 74. g6
{[%clk 0:09:52]} Nxf6 {[%clk 0:24:22]} 75. Kxf6 {[%clk 0:10:15]} 1-0

[Event "World Chess Olympiad 2018"]
[Site "Batumi"]
[Date "2018.09.28"]
[Round "5"]
[Board "3"]
[WhiteFideId "2106388"]
[White "Supi Luis Paulo"]
[BlackFideId "2905540"]
[Black "Cheparinov Ivan"]
[Result "1/2-1/2"]
[LiveChessVersion "1.4.8"]
[BlackElo "2715"]
[WhiteElo "2548"]

1. c4 {[%clk 1:30:57]} f5 {[%clk 1:30:45]} 2. Nf3 {[%clk 1:28:16]} Nf6
{[%clk 1:31:02]} 3. g3 {[%clk 1:28:12]} g6 {[%clk 1:31:27]} 4. Bg2
{[%clk 1:28:17]} Bg7 {[%clk 1:31:53]} 5. O-O {[%clk 1:28:36]} O-O
{[%clk 1:32:13]} 6. Nc3 {[%clk 1:25:54]} d6 {[%clk 1:32:34]} 7. d4
{[%clk 1:24:19]} c6 {[%clk 1:32:57]} 8. Re1 {[%clk 1:17:18]} Na6 {[%clk 1:33:12]}
9. Qb3 {[%clk 1:15:59]} Qb6 {[%clk 1:22:14]} 10. Qc2 {[%clk 0:58:17]} Qc7
{[%clk 1:14:20]} 11. e4 {[%clk 0:51:56]} Nb4 {[%clk 1:05:26]} 12. Qd2
{[%clk 0:52:12]} Nxe4 {[%clk 1:01:00]} 13. Nxe4 {[%clk 0:52:31]} fxe4
{[%clk 1:01:27]} 14. Ng5 {[%clk 0:50:00]} Nd3 {[%clk 0:49:42]} 15. Rxe4
{[%clk 0:50:24]} Nxf2 {[%clk 0:50:10]} 16. Rf4 {[%clk 0:50:06]} Ng4
{[%clk 0:50:38]} 17. Rxf8+ {[%clk 0:50:02]} Bxf8 {[%clk 0:47:20]} 18. Qe2
{[%clk 0:49:55]} Nf6 {[%clk 0:40:25]} 19. Ne6 {[%clk 0:50:09]} Bxe6
{[%clk 0:40:29]} 20. Qxe6+ {[%clk 0:50:34]} Kh8 {[%clk 0:40:52]} 21. Bd2
{[%clk 0:44:59]} Bg7 {[%clk 0:37:45]} 22. Bc3 {[%clk 0:38:31]} Rf8
{[%clk 0:37:05]} 23. Rf1 {[%clk 0:37:44]} Qd8 {[%clk 0:37:05]} 24. a3
{[%clk 0:20:15]} Qe8 {[%clk 0:32:02]} 25. Re1 {[%clk 0:18:37]} Ng8
{[%clk 0:31:35]} 26. Rf1 {[%clk 0:18:11]} Rxf1+ {[%clk 0:31:11]} 27. Kxf1
{[%clk 0:18:22]} Nh6 {[%clk 0:31:09]} 28. Ke2 {[%clk 0:15:47]} Qg8
{[%clk 0:21:26]} 29. Qxg8+ {[%clk 0:13:58]} Kxg8 {[%clk 0:21:48]} 30. b4
{[%clk 0:12:11]} e6 {[%clk 0:21:44]} 31. Bd2 {[%clk 0:10:41]} Nf5
{[%clk 0:19:43]} 32. d5 {[%clk 0:11:05]} cxd5 {[%clk 0:19:20]} 33. cxd5
{[%clk 0:11:31]} e5 {[%clk 0:19:43]} 34. g4 {[%clk 0:08:57]} Nd4+
{[%clk 0:16:05]} 35. Kd3 {[%clk 0:09:16]} Kf7 {[%clk 0:15:55]} 36. Be3
{[%clk 0:09:19]} Bf6 {[%clk 0:15:30]} 37. a4 {[%clk 0:09:12]} Bh4
{[%clk 0:15:28]} 38. Bxd4 {[%clk 0:09:12]} exd4 {[%clk 0:15:54]} 39. Kxd4
{[%clk 0:39:33]} Kf6 {[%clk 0:45:58]} 1/2-1/2